00525nam a2200193 a 4500001001300000003000900013005001700022008004100039020000900080082002000089100002200109245004800131260004500179300001000224500003500234505001000269650003000279700002200309nice12345678IN_TiNIC20260116011542.0050524s1955 lona grp 000 0 eng  ac4500a297.122521bARB aArberry, Arthur J aQuran Interpretedb Vol. 2, Surahs Xxi-Cxiv aLondonbGeorge Allen and Unwin Ltdc1955 a367p. aincludes index and biblioraphy2 aIndex aQuran-Translation-English1 aArberry, Arthur J